00407nam a2200145Ia 4500008004100000020001500041041000800056082001700064100007500081245002400156250000600180260004300186300001200229650002000241210716s2005 xx 000 0 und d a812650563X aeng a004.602 LECE aThompson, Ed Lecky; Goodman, Heow Eide; Nowicki, Steven D; Cove, Alec. aProfessional phi 5. a1 aNew DelhibWiley Publishing Inc.c2005 axxi,639 aPHP Programming